ARRUPE JESUIT UNIVERSITY

CORONAVIRUS -STOP THE SPREAD - CLEAN,DISINFECT,COVER

The American college dictionary. (Record no. 40659)

MARC details
000 -LEADER
fixed length control field 00721cam a2200217u 4500
001 - CONTROL NUMBER
control field 7461855
003 - CONTROL NUMBER IDENTIFIER
control field ARRUPE
005 - DATE AND TIME OF LATEST TRANSACTION
control field 20220520090510.0
008 - FIXED-LENGTH DATA ELEMENTS--GENERAL INFORMATION
fixed length control field 810223s1956 nyua d 000 0 eng
010 ## - LIBRARY OF CONGRESS CONTROL NUMBER
LC control number 56000939
040 ## - CATALOGING SOURCE
Original cataloging agency DLC
Transcribing agency CarP
Modifying agency DLC
050 00 - LIBRARY OF CONGRESS CALL NUMBER
Classification number PE1628
Item number .A55 1956
051 ## - LIBRARY OF CONGRESS COPY, ISSUE, OFFPRINT STATEMENT
Classification number PE1628
Item number .A55 1956a
Copy information Another issue. Revised March 1956.
300 ## - PHYSICAL DESCRIPTION
Other physical details illus.
Dimensions 26 cm.
245 04 - TITLE STATEMENT
Title The American college dictionary.
260 ## - PUBLICATION, DISTRIBUTION, ETC. (IMPRINT)
Place of publication, distribution, etc New York,
Name of publisher, distributor, etc Random House
Date of publication, distribution, etc [c1956]
300 ## - PHYSICAL DESCRIPTION
Extent xl, 1432 p.
650 #0 - SUBJECT ADDED ENTRY--TOPICAL TERM
Topical term or geographic name as entry element English language
Geographic subdivision United States
Form subdivision Dictionaries.
9 (RLIN) 34823
700 1# - ADDED ENTRY--PERSONAL NAME
Personal name Barnhart, Clarence Lewis,
Dates associated with a name 1900- [from old catalog]
Relator term ed.
9 (RLIN) 51732
906 ## - LOCAL DATA ELEMENT F, LDF (RLIN)
a 0
b cbc
c premunv
d u
e ncip
f 19
g y-gencatlg
942 ## - ADDED ENTRY ELEMENTS (KOHA)
Source of classification or shelving scheme Library of Congress Classification
Koha item type Monograph ( Printed materials)
Holdings
Withdrawn status Lost status Source of classification or shelving scheme Damaged status Not for loan Collection code Home library Current library Shelving location Date acquired Total Checkouts Full call number Barcode Date last seen Copy number Price effective from Koha item type
    Library of Congress Classification     REFERENCE ARRUPE LIBRARY ARRUPE LIBRARY REFERENCE 04/03/2013   REF. PE1628.A55 1964 46003040462 04/03/2013 1 04/03/2013 REFERENCE
    Library of Congress Classification     REFERENCE ARRUPE LIBRARY ARRUPE LIBRARY REFERENCE 20/05/2022   REF. PE1628.A55 1956 46600008718 20/05/2022   20/05/2022 REFERENCE

 

Arrupe Library. PO Box MP320 Mt Pleasant, Harare, Zimbabwe
263 242 745411|librarian@aju.ac.zw